000 03526nam a2200457 a 4500
003 CHAP
005 20250204085817.0
007 cr ||||||a|c|a
008 110216s2011 mx r 00010 spa d
035 _a112180
040 _cCHAP
090 _aTesis
100 1 _aArteaga Conde, José Antonio.
_97710
245 1 0 _aRadios comunitarios :
_bespacios de creación y resistencia frente al poder hegenónico. La experiencia de radio Ñomndaa, la palabra de agua en Suljaa, Guerrero
_c/por José Antonio Arteaga Conde; director de tesis Beatriz de la Tejera Hernández.
264 1 _aMorelia, Michoacan Méx. :
_bEl autor,
_c2011.
300 _a1 recurso en línea (150 páginas) .
336 _2rdacontent
_atexto
_btxt
337 _2rdamedia
_acomputadora
_bc
338 _2rdacarrier
_arecursos en línea
502 _bMCDRR
_cDCRU
_d2011.
_gMAE
520 _aEl presente trabajo es una investigación sobre el papel que las radios comunitarias desempeñan en la sociedad contemporánea, las cuales contribuyen al debilitamiento del control y poder que ejercen los medios masivos de comunicación e información, al tiempo que ayudan a que sean las comunidades quienes construyan sus propias alternativas de vida. En primer lugar, se realizó una revisión bibliográfica del papel de la comunicación en nuestra sociedad, de la forma en que los medios de comunicación comunitarios pueden ayudar al desarrollo en comunidades rurales. También se analizó el concepto de radio comunitaria desde la teoría, para luego cotejarla con la forma en que las personas que participan en proyectos de comunicación comunitaria la entienden. Para el estudio de caso se analizó brevemente el contexto en el que se desarrolla la radio, se realizaron entrevistas a profundidad con integrantes de Radio Ñomndaa, y se recopilaron y analizaron algunas de las producciones sonoras hechas por esta radio durante 2009. De esta manera se pudo observar cómo a pesar de la represión que ha enfrentado esta radio comunitaria, y de diversas limitaciones que ha tenido en su quehacer radiofónico a lo largo de sus seis años de existencia, cuenta con un amplio respaldo de la comunidad a la que pertenece, y ha logrado generar un discurso radiofónico propio, que responde a las necesidades comunicativas de los habitantes de la región (en su mayoría indígenas amuzgos), a partir de su cultura e identidad. Han logrado de esta manera, convertirse en una herramienta fundamental de resistencia y construcción de alternativas frente a los procesos de hegemonía y homogeneización por parte de los grupos de poder regionales y nacionales.
590 _aALEPH
_b10
_c20130110
590 _aBATCH-UPD
_b10
_c20130110
590 _aBATCH-UPD
_b10
_c20130410
590 _aBATCH-UPD
_b10
_c20130914
590 _aBATCH-UPD
_b10
_c20140324
590 _aBATCH-UPD
_b10
_c20141002
590 _aBATCH
_b00
_c20181121
590 _aCONVERSION
_b10
_c20130109
650 1 4 _aComunicación
_926206
650 1 4 _aDesarrollo de la comunidad rural
_zGuerrero.
_932037
650 1 4 _aRadio en educación.
_993691
700 1 _aTejera Hernandez, Beatriz G. de la
_9151095
_eDirector de tesis.
856 _uhttp://10.13.5.2/tesis/112180.pdf
_zDESCARGAR PDF
901 _aBK
942 _cTD
_2Clasificación Universidad Autónoma Chapingo
949 _aTesis
_bBC
_cTES
_d33724002230561
_eTS1
_gDonaciØn
_h51971
_i112180
_st
949 _aTesis
_bBC
_cTES
_d33724002230603
_eTS2
_fc.2
_gDonaciØn
_h51972
_i112180
_st
999 _c100520
_d100520